Une introduction à l'art du Moyen Age : pérégrinations /

Bibliographic Details
Main Author: Simons, Madeleine Anjubault
Format: Book
Language:French
Published: Lewiston, NY : E. Mellen Press, [1997]
Subjects:

MARC

Tag First Indicator Second Indicator Subfields
LEADER 00000cam a2200000 a 4500
001 in00001406094
005 20151020072411.0
008 970708s1997 nyua b 001 0 fre
010 |a  97028558  
015 |a GB97-70168 
019 |a 38351277 
020 |a 0773485996 (hardcover) 
035 |a (OCoLC)37322102 
035 |9 AHQ2835AM 
040 |a DLC  |c DLC  |d UKM  |d TXA  |d UtOrBLW 
043 |a e------ 
049 |a TXAM 
050 0 0 |a N5970  |b .S53 1997 
082 0 0 |a 709/.02  |2 21 
100 1 |a Simons, Madeleine Anjubault. 
245 1 4 |a Une introduction à l'art du Moyen Age :  |b pérégrinations /  |c Madeleine A. Simons. 
246 3 0 |a Pérégrinations 
264 1 |a Lewiston, NY :  |b E. Mellen Press,  |c [1997] 
264 4 |c ©1997 
300 |a vi, 493 pages :  |b illustrations ;  |c 24 cm. 
336 |a text  |b txt  |2 rdacontent 
337 |a unmediated  |b n  |2 rdamedia 
338 |a volume  |b nc  |2 rdacarrier 
504 |a Includes bibliographical references and indexes. 
650 0 |a Art, Medieval. 
948 |a c:cer 
999 |a MARS 
999 f f |s 2c7d1e65-4134-386a-81bd-6b0f1cef11ef  |i 486b3de9-173b-3366-b547-f342c68c2a3d  |t 0 
952 f f |p ric  |a Texas A&M University  |b Rellis Campus  |c Joint Library Facility  |d Remote Storage  |t 0  |e N5970 .S53 1997  |h Library of Congress classification  |i unmediated -- volume  |m A14822563649 
998 f f |a N5970 .S53 1997  |t 0  |l Remote Storage